A traitor to memory: a novel (Record no. 60277)

MARC details
000 -LEADER
fixed length control field 00544nam a2200157 a 4500
008 - FIXED-LENGTH DATA ELEMENTS--GENERAL INFORMATION
fixed length control field 160831s2001 ||||||||||||||||| || u
020 ## - INTERNATIONAL STANDARD BOOK NUMBER
International Standard Book Number 9780340767085
050 ## - LIBRARY OF CONGRESS CALL NUMBER
Classification number PR 6107.E25T7
100 ## - MAIN ENTRY--PERSONAL NAME
Personal name George, Elizabeth
245 12 - TITLE STATEMENT
Title A traitor to memory: a novel
Statement of responsibility, etc. By Elizabeth George
260 ## - PUBLICATION, DISTRIBUTION, ETC.
Place of publication, distribution, etc. London
Name of publisher, distributor, etc. Hodder and Stoughton
Date of publication, distribution, etc. 2001
300 ## - PHYSICAL DESCRIPTION
Extent 802 p.
350 ## - PRICE (NR) (BK AM CF MU VM SE) [OBSOLETE]
Price 21.00
650 ## - SUBJECT ADDED ENTRY--TOPICAL TERM
Topical term or geographic name entry element ENGLISH LANGUAGE
995 ## - RECOMMENDATION 995 [LOCAL, UNIMARC FRANCE]
-- CBU-MAIN LIBRARY (Kitwe)
-- 21.00
-- 1
-- AVAILABLE
-- Sep 29, 2016
-- Fiction Collection
Holdings
Withdrawn status Lost status Source of classification or shelving scheme Damaged status Not for loan Home library Current library Shelving location Date acquired Total Checkouts Full call number Barcode Date last seen Price effective from Koha item type
          CBU-MAIN LIBRARY, KITWE. CBU-MAIN LIBRARY, KITWE.   11/30/2022   PR 6107.E25T7 746895 11/30/2022 11/30/2022 MONOGRAPH